| 000 | 00791nam a2200205 a 4500 | ||
|---|---|---|---|
| 001 | 000016019 | ||
| 005 | 20200929164235.0 | ||
| 008 | 100223s1996 dr 000 0 spa d | ||
| 040 |
_aDO-SdBNP _bspa _cBNPHU |
||
| 082 |
_axxxx _bA185h |
||
| 100 | 1 |
_aAcosta G., Juan Pablo _935969 |
|
| 245 | 1 | 3 |
_aEl hábeas corpus : _bun recurso de derechos humanos / _cJuan Pablo Acosta G. ; prólogo Artagnan Pérez M. ; cuidado de edición Héctor B. Guzmán. |
| 260 |
_aMoca, República Dominicana : _bDalis, _c1996. |
||
| 300 |
_axcv, 464 p. ; _c22 cm. |
||
| 500 | _aIncluye datos biográficos del autor en la última página | ||
| 504 | _aBibliografía : p. 459-464 | ||
| 590 | _aInventariado, 2018 / BT | ||
| 700 | 1 |
_aPérez M., Artagnan, _epról. _935970 |
|
| 700 | 1 |
_aGuzmán, Héctor B., _eed. _917989 |
|
| 999 |
_c15561 _d15561 |
||